| 000 | 00363nam a2200145Ia 4500 | ||
|---|---|---|---|
| 008 | 230917s9999||||xx |||||||||||||| ||und|| | ||
| 040 |
_e13179 _aMAIN |
||
| 041 | _aEnglish | ||
| 082 | _a515.45 B469R | ||
| 100 | _aBharucha-Reid, A T | ||
| 245 | 0 | _aRandom integral equations | |
| 260 |
_aNew York _bAcademic Press _c1972 |
||
| 300 | _axiii, 267 p. | ||
| 942 | _cBK | ||
| 999 |
_c190821 _d190821 |
||